Faculty of Law Library — Cairo University

Official Online Catalog

The psychopathology of crime : (Record no. 52853)

MARC details
000 -LEADER
fixed length control field 01337pac a2200397 i 4500
003 - CONTROL NUMBER IDENTIFIER
control field EG-GICUC
005 - DATE AND TIME OF LATEST TRANSACTION
control field 20260121101543.0
008 - FIXED-LENGTH DATA ELEMENTS--GENERAL INFORMATION
fixed length control field 930308s1993 caua frb 001 0 eng d
020 ## - INTERNATIONAL STANDARD BOOK NUMBER
International Standard Book Number 0125761600
Qualifying information (hardcover)
020 ## - INTERNATIONAL STANDARD BOOK NUMBER
International Standard Book Number 9780125761604
Qualifying information (acid-free paper)
020 ## - INTERNATIONAL STANDARD BOOK NUMBER
International Standard Book Number 9780125761550
020 ## - INTERNATIONAL STANDARD BOOK NUMBER
International Standard Book Number 0125761554
040 ## - CATALOGING SOURCE
Original cataloging agency DNLM/DLC
Transcribing agency DLC
Modifying agency DLC
-- EG-GICUC
Language of cataloging eng
Description conventions rda
050 00 - LIBRARY OF CONGRESS CALL NUMBER
Classification number HV6133
Item number .R25 1993
060 ## - NATIONAL LIBRARY OF MEDICINE CALL NUMBER
Classification number WM 600 R155 1993
082 00 - DEWEY DECIMAL CLASSIFICATION NUMBER
Classification number 343.62
Edition number 21
092 04 - LOCALLY ASSIGNED DEWEY CALL NUMBER (OCLC)
Edition number 21
099 ## - LOCAL FREE-TEXT CALL NUMBER (OCLC)
Classification number Law 10 1993
100 1# - MAIN ENTRY--PERSONAL NAME
Personal name Raine, Adrian.
245 14 - TITLE STATEMENT
Title The psychopathology of crime :
Remainder of title criminal behavior as a clinical disorder /
Statement of responsibility, etc. Adrian Raine.
264 ## - PRODUCTION, PUBLICATION, DISTRIBUTION, MANUFACTURE, AND COPYRIGHT NOTICE
Place of production, publication, distribution, manufacture San Diego :
Name of producer, publisher, distributor, manufacturer Academic Press,
Date of production, publication, distribution, manufacture, or copyright notice 1993.
300 ## - PHYSICAL DESCRIPTION
Extent xix, 377 page :
Other physical details ill.ustrations ;
Dimensions 24 cm.
336 ## - CONTENT TYPE
Content type term text
Content type code txt
Source rdacontent
337 ## - MEDIA TYPE
Media type term unmediated
Media type code n
Source rdamedia
338 ## - CARRIER TYPE
Carrier type term volume
Carrier type code nc
Source rdacarrier
504 ## - BIBLIOGRAPHY, ETC. NOTE
Bibliography, etc. note Includes bibliographical references (p. 321-351) and indexes.
650 #0 - SUBJECT ADDED ENTRY--TOPICAL TERM
Topical term or geographic name entry element Criminal behavior.
650 #0 - SUBJECT ADDED ENTRY--TOPICAL TERM
Topical term or geographic name entry element Psychology, Pathological.
650 #0 - SUBJECT ADDED ENTRY--TOPICAL TERM
Topical term or geographic name entry element Criminals
General subdivision Physiology.
650 #2 - SUBJECT ADDED ENTRY--TOPICAL TERM
Topical term or geographic name entry element Criminal Psychology.
650 #2 - SUBJECT ADDED ENTRY--TOPICAL TERM
Topical term or geographic name entry element Social Behavior Disorders
General subdivision physiopathology.
Source of heading or term qrmak
650 #2 - SUBJECT ADDED ENTRY--TOPICAL TERM
Topical term or geographic name entry element Social Behavior Disorders
General subdivision etiology.
856 40 - ELECTRONIC LOCATION AND ACCESS
Uniform Resource Identifier <a href="https://fll.law.cu.edu.eg/fulltext/bks/ENGB10-00104.pdf">https://fll.law.cu.edu.eg/fulltext/bks/ENGB10-00104.pdf</a>
905 ## - Cataloger and Reviser Names
Cataloger Name: Hend El khosy
942 ## - ADDED ENTRY ELEMENTS (KOHA)
Source of classification or shelving scheme Dewey Decimal Classification
Koha item type Books
Edition 21
Suppress in OPAC No
Holdings
Withdrawn status Lost status Source of classification or shelving scheme Damaged status Not for loan Collection Home library Current library Date acquired Total checkouts Full call number Barcode Date last seen Copy number Price effective from Koha item type Public note
    Dewey Decimal Classification     القانون الجنائي جــــامعة القــاهرة مكتبة كلية الحقوق - فـرع الشيخ زايد 28.12.2025   Law2 10 343.62 RA . P 1993 1000104 C1 ENGB10-00104 28.12.2025 1 28.12.2025 Books 2096

© All rights reserved — Faculty of Law, Cairo University